مكتبة جامعة عجلون الوطنية

فهرس بحث المكتبة

الشرط الجزائي في القانون المدني الاردني دراسة مقارنة في القانون المدني المصري = The Penal Clause in the Jordanian Civil Law , A Comparative Study With the Egyption Civil Law / (Record no. 33291)

MARC details
000 -LEADER
fixed length control field 01096nam a22001937a 4500
003 - CONTROL NUMBER IDENTIFIER
control field JO-AjAnu
005 - DATE AND TIME OF LATEST TRANSACTION
control field 20240629122736.0
008 - FIXED-LENGTH DATA ELEMENTS--GENERAL INFORMATION
fixed length control field 231211b jo ||||| |||| 00| 0 ara d
040 ## - CATALOGING SOURCE
Original cataloging agency JO-AjAnu
Language of cataloging ara
Transcribing agency JO-AjAnu
050 ## - LIBRARY OF CONGRESS CALL NUMBER
Classification number K623
-- 2023
100 #1 - MAIN ENTRY--PERSONAL NAME
Personal name بني عامر ، علي عبد الرحمن محمد
9 (RLIN) 64970
Relator term معد
245 20 - TITLE STATEMENT
Title الشرط الجزائي في القانون المدني الاردني دراسة مقارنة في القانون المدني المصري = The Penal Clause in the Jordanian Civil Law , A Comparative Study With the Egyption Civil Law /
Statement of responsibility, etc. اعداد علي عبد الرحمن بني عامر ؛ اشراف منتصر القضاة
260 ## - PUBLICATION, DISTRIBUTION, ETC.
Date of publication, distribution, etc. 2023
300 ## - PHYSICAL DESCRIPTION
Extent 101 ورقة
504 ## - BIBLIOGRAPHY, ETC. NOTE
Bibliography, etc. note رسالة جامعية (ماجستير) .- جامعة عجلون الوطنية (عجلون ، الأردن)، كلية الحقوق، قسم القانون، 2023<br/>ببليوجرافيا : صفحة 99-113.
650 70 - SUBJECT ADDED ENTRY--TOPICAL TERM
Topical term or geographic name entry element الشرط الجزائي - القانون
9 (RLIN) 64972
700 #1 - ADDED ENTRY--PERSONAL NAME
Personal name القضاة، منتصر
9 (RLIN) 64973
Relator term مشرف
942 ## - ADDED ENTRY ELEMENTS (KOHA)
Source of classification or shelving scheme Library of Congress Classification
Koha item type Thesis
Suppress in OPAC No
Holdings
Withdrawn status Lost status Source of classification or shelving scheme Damaged status Not for loan Home library Current library Date acquired Total Checkouts Full call number Barcode Date last seen Price effective from Koha item type
    Library of Congress Classification     مكتبة جامعة عجلون الوطنية مكتبة جامعة عجلون الوطنية 11/12/2023   K623 2023 A29752 11/12/2023 11/12/2023 Thesis
    Library of Congress Classification     مكتبة جامعة عجلون الوطنية مكتبة جامعة عجلون الوطنية 11/12/2023   K623 2023 A29751 11/12/2023 11/12/2023 Thesis